Most prize money in tennis - Statistics

General Stats
  • This quiz has been taken 22 times
  • The average score is 20 of 30
Answer Stats
Money earned Country Hint Answer % Correct
$166,861,716 Serbia ATP Novak Djokovic
100%
$134,640,719 Spain ATP Rafael Nadal
100%
$130,594,339 Switzerland ATP Roger Federer
100%
$63,535,777 United Kingdom ATP Andy Murray
93%
$38,777,962 Russia WTA Maria Sharapova
87%
$94,816,730 United States WTA Serena Williams
87%
$35,598,548 Switzerland ATP Stan Wawrinka
87%
$42,406,778 United States WTA Venus Williams
87%
$43,280,489 United States ATP Pete Sampras
80%
$33,283,374 Germany ATP Alexander Zverev
73%
$31,152,975 United States ATP Andre Agassi
73%
$24,842,005 Greece ATP Stefanos Tsitsipas
73%
$35,586,000 Belarus WTA Victoria Azarenka
73%
$40,203,437 Romania WTA Simona Halep
67%
$31,886,468 Germany WTA Angelique Kerber
60%
$35,233,415 Denmark WTA Caroline Wozniacki
60%
$27,415,119 Russia ATP Daniil Medvedev
60%
$31,483,911 Spain ATP David Ferrer
60%
$29,389,286 Austria ATP Dominic Thiem
60%
$25,896,046 Argentina ATP Juan Martin del Potro
60%
$25,065,492 Japan ATP Kei Nishikori
60%
$35,086,589 Czech Republic WTA Petra Kvitova
60%
$29,491,328 Czech Republic ATP Tomas Berdych
60%
$24,715,507 Czech Republic WTA Karolina Pliskova
53%
$31,200,667 Croatia ATP Marin Cilic
53%
$25,080,956 Germany ATP Boris Becker
47%
$24,813,379 Spain WTA Garbine Muguruza
47%
$24,749,074 Switzerland WTA Martina Hingis
47%
$27,683,807 Poland WTA Agnieszka Radwanska
40%
$25,816,890 Russia WTA Svetlana Kuznetsova
27%
No matching quizzes found
Score Distribution
Percent of People with Each Score
Percentile by Number Answered
Your Score History
You have not taken this quiz